| 000 | 00433nam a2200157 i 4500 | ||
|---|---|---|---|
| 001 | 59968 | ||
| 003 | ES-MaACL | ||
| 005 | 20230906164130.0 | ||
| 007 | t| | ||
| 008 | 031031s1964 sp ||||1| spa d | ||
| 100 | 1 |
_aEscalona-Escalona, J. A. _947489 |
|
| 245 | 1 | 0 |
_aCrónica del sueño / _cJ.A. Escalona-Escalona. |
| 260 |
_aMadrid : _b[s.n., _c1964] ( _fOgrama) |
||
| 300 |
_a70 p. ; _c19 cm. |
||
| 852 |
_aES-MaACL _jC-25494 _bR.54261 |
||
| 999 |
_c59968 _d59968 |
||